00281nam a22000857a 4500008004100000082001900041245007700060260004500137300001300182230607b xxu||||| |||| 00| 0 eng d a338.96762bMRD aMinistry of Regional Development Authorities bStrategic Plan 2008-2012 aNairobi,KenyabGovernment of Kenyac2009 aVIII,80p